| 000 | 02978nam a22003377a 4500 | ||
|---|---|---|---|
| 001 | PPSZ 0258 | ||
| 003 | gtcocun | ||
| 005 | 20251006181918.0 | ||
| 006 | a||||gr|||| 00| 0 | ||
| 007 | ta | ||
| 008 | 251006b2024 gt ||||| m||| 00| 0 eng d | ||
| 040 |
_agtcocun _bSPA _cgtcocun _eRDA |
||
| 041 | _aSPA PPSZ 0258 | ||
| 084 | _0PPSZ 0258 | ||
| 100 |
_aVejar Sierra, Jorge Aníbal _eAutor |
||
| 245 |
_aINFORME FINAL DE PRÁCTICA PROFESIONAL SUPERVISADA REALIZADA EN GRANJA VILLA LENY, UBICADA EN LA ALDEA CHICUM, MUNICIPIO DE SAN JUAN CHAMELCO, DEL DEPARTAMENTO DE ALTA VERAPAZ/ _cJorge Aníbal Vejar Sierra. _hImpreso |
||
| 264 |
_aCobán, Alta Verapaz: _bUniversidad de San Carlos de Guatemala, Centro Universitario del Norte, Carrera de Técnico en Producción Pecuaria _c2024 |
||
| 300 |
_a61 p.: _bIlustraciones, gráficas. _c28 cm; |
||
| 300 | _cPDF | ||
| 336 |
_2rdacontenido _aTexto _btxt |
||
| 337 |
_2rdamedio _aComputadora _bn |
||
| 338 |
_2rdasoporte _aCódigo en línea _bcr |
||
| 502 | _ePPSZ 0258 | ||
| 502 |
_aPráctica Profesional Supervisada _bCarrera de Técnico en Producción Pecuaria, _cUniversidad de San Carlos de Guatemala, Centro Universitario del Norte, Carrera de Técnico en Producción Pecuaria _d2024 _oPPSZ 0258 |
||
| 520 | 1 | 4 | _aEl principal objetivo de la Práctica Profesional Supervisada-PPS-, fue poner en práctica los conocimientos teórico-prácticos adquiridos a lo largo de la formación que la carrera imparte a nivel técnico, en la unidad de productiva. Dicha práctica inició, con una fase de reconocimiento de la granja, la cual consistió en un recorrido de campo, el cual permitió la elaboración del diagnóstico situacional, observando las problemáticas, necesidades, amenazas, oportunidades y fortalezas de la unidad; Se analizó lo encontrado y se planificó una metodología de trabajo a ejecutar en un período corto de tiempo y adaptado a la realidad, de igual manera se conocieron los aspectos que impulsan al desarrollo de la granja Villa Leny. La práctica se llevó a cabo durante el mes de octubre del año 2,022 en la granja Villa Leny ubicada en la aldea Chicum, municipio de San Juan Chamelco del departamento de Alta Verapaz; lugar donde se realizaron diversas actividades y una investigación inferencial titulada “Identificación del tipo de huevos de parásitos gastrointestinales con la técnica de flotación en ovinos de engorde Pelibueyes (Ovis aries)”, con el objetivo de comprobar si estos se encuentran libres de huevos de parásitos gastrointestinales que perjudiquen su salud. |
| 650 | 1 | 4 |
_2LEMB _aSan Juan Chamelco, Alta Verapaz _xZootecnia _xDesarrollo _xParásitos _xOvinos de engorde _xFlotación |
| 700 |
_aLic. Mauricio Arturo Quiroa Roldán _eAsesor |
||
| 856 |
_uhttps://drive.google.com/file/d/1LkstJk0pzxCG59VSvHB4PfhD6lRGx3Ul/view _yPDF _zUn ejemplar en línea. |
||
| 942 |
_2ddc _cTES _iPPSZ 0258 _kClasificación _n0 _6PPSZ_0258_000000000000000 |
||
| 999 |
_c2243 _d2243 |
||